Statistics for 1997 Albums

Click here to take the quiz!

General Stats

  • This quiz has been taken 2 times
  • The average score is 8 of 25

Answer Stats

ArtistsAnswer% Correct
RadioheadOK Computer
100%
Erykah BaduBaduizm
50%
OasisBe Here Now
50%
Will SmithBig Willie Style
50%
BlurBlur
50%
Mariah CareyButterfly
50%
Daft PunkHomework
50%
BjörkHomogenic
50%
LL Cool JPhenomenon
50%
U2Pop
50%
The Spice GirlsSpice World
50%
The ProdigyThe Fat Of The Land
50%
Janet JacksonThe Velvet Rope
50%
The VerveUrban Hymns
50%
The Chemical BrothersDig Your Own Hole
0%
David BowieEarthling
0%
Jay-ZIn My LifeTime, Vol. 1
0%
Roni Size & ReprazentNew Forms
0%
PortisheadPortishead
0%
Mary J. BligeShare My World
0%
Ben HarperThe Will To Live
0%
Depeche ModeUltra
0%
Busta RhymesWhen Disaster Strikes...
0%
TexasWhite On Blonde
0%
Wu-Tang ClanWu-Tang Forever
0%

Score Distribution

Percentile by Number Answered

Percent of People with Each Score

Your Score History

You have not taken this quiz